Biggest Cities in Nunavut on the Map - Statistics

General Stats
  • This quiz has been taken 197 times
  • The average score is 7 of 20
Answers on the Map
Answers color-coded by a green-red scale on the quiz's map according to % correct below.
 
Answer Stats
Pop City % Correct
8.5 k Iqaluit
98%
3.1 k Rankin Inlet
56%
1.8 k Cambridge Bay
51%
3.0 k Arviat
47%
2.2 k Baker Lake
47%
2.0 k Igloolik
37%
1.8 k Pond Inlet
37%
981 Arctic Bay
36%
1.6 k Pangnirtung
35%
1.0 k Coral Harbour
33%
1.4 k Gjoa Haven
33%
1.6 k Kugluktuk
29%
1.0 k Sanikiluaq
29%
1.2 k Clyde River
27%
1.6 k Kinngait
27%
1.2 k Naujaat
27%
1.0 k Sanirajak
27%
1.1 k Kugaaruk
25%
673 Qikiqtarjuaq
25%
1.1 k Taloyoak
25%
No matching quizzes found
Score Distribution
Percent of People with Each Score
Percentile by Number Answered
Your Score History
You have not taken this quiz